Crime and corruption in organizations : why it occurs and what to do about it (Record no. 62612)

MARC details
000 -LEADER
fixed length control field 01261nam a2200241 a 4500
008 - FIXED-LENGTH DATA ELEMENTS--GENERAL INFORMATION
fixed length control field 211122s2011 ||||||||||||||||| || u
020 ## - INTERNATIONAL STANDARD BOOK NUMBER
International Standard Book Number 9780566089817
050 ## - LIBRARY OF CONGRESS CALL NUMBER
Classification number HV 6768 Cri
100 ## - MAIN ENTRY--PERSONAL NAME
Personal name Burke, Ronald J
245 10 - TITLE STATEMENT
Title Crime and corruption in organizations : why it occurs and what to do about it
Statement of responsibility, etc. Edited by Ronald J. Burke; Edward C. Tomlinson; Cary L. Cooper
260 ## - PUBLICATION, DISTRIBUTION, ETC.
Place of publication, distribution, etc. Burlington
Name of publisher, distributor, etc. Ashgate Publishing Limited
Date of publication, distribution, etc. 2011
300 ## - PHYSICAL DESCRIPTION
Extent xvii, 361 pages
490 ## - SERIES STATEMENT
Series statement Psychological and behavioral aspects of risk
500 ## - GENERAL NOTE
General note Includes bibliographical references and index.
650 #0 - SUBJECT ADDED ENTRY--TOPICAL TERM
Topical term or geographic name entry element COMMERCIAL CRIMES
650 ## - SUBJECT ADDED ENTRY--TOPICAL TERM
Topical term or geographic name entry element CORPORATIONS--CORRUPT PRACTICES
650 ## - SUBJECT ADDED ENTRY--TOPICAL TERM
Topical term or geographic name entry element BUSINESS ETHICS
700 ## - ADDED ENTRY--PERSONAL NAME
Personal name Cooper, Cary L
700 ## - ADDED ENTRY--PERSONAL NAME
Personal name Tomlinson, Edward C
995 ## - RECOMMENDATION 995 [LOCAL, UNIMARC FRANCE]
-- CBU-MAIN LIBRARY (Kitwe)
-- 175.00
-- 3
-- AVAILABLE
-- Nov 22, 2021
-- Main Library Open Access Collection
995 ## - RECOMMENDATION 995 [LOCAL, UNIMARC FRANCE]
-- CBU-MAIN LIBRARY (Kitwe)
-- 175.00
-- 2
-- AVAILABLE
-- Nov 22, 2021
-- Main Library Open Access Collection
995 ## - RECOMMENDATION 995 [LOCAL, UNIMARC FRANCE]
-- CBU-MAIN LIBRARY (Kitwe)
-- 175.00
-- 1
-- AVAILABLE
-- Nov 22, 2021
-- Main Library Open Access Collection
Holdings
Withdrawn status Lost status Source of classification or shelving scheme Damaged status Not for loan Home library Current library Shelving location Date acquired Total Checkouts Full call number Barcode Date last seen Price effective from Koha item type
          CBU-MAIN LIBRARY, KITWE. CBU-MAIN LIBRARY, KITWE.   12/15/2022   HV 6768 Cri 751146 12/15/2022 12/15/2022 MONOGRAPH
          CBU-MAIN LIBRARY, KITWE. CBU-MAIN LIBRARY, KITWE.   12/15/2022   HV 6768 Cri 751145 12/15/2022 12/15/2022 MONOGRAPH
          CBU-MAIN LIBRARY, KITWE. CBU-MAIN LIBRARY, KITWE.   12/15/2022   HV 6768 Cri 751144 12/15/2022 12/15/2022 MONOGRAPH